Penggunaan tembikar dalam masyarakat Malaysia

Bibliographic Details
Main Author: Othman Mohd.Yatim
Format: Book
Published: Kuala Lumpur : Jabatan Muzium Kuala Lumpur , 1981
Subjects:

MARC

LEADER 00000cam a2200000 7i4500
001 0000026396
005 20090610.0
008 090518
090 0 0 |a 738.09595   |b OTH 
100 1 |a Othman Mohd.Yatim 
245 1 0 |a Penggunaan tembikar dalam masyarakat Malaysia   |c Othman Mohd.Yatim 
260 |a Kuala Lumpur :   |b Jabatan Muzium Kuala Lumpur ,   |c 1981 
650 0 |a Pottery   |z Malaysia   |x history 
999 |a 0001028334   |b Book   |c REFERENCE   |e Perbadanan Perpustakaan Awam Johor